Mechanics of Structures / (Record no. 1962)
[ view plain ]
| 000 -LEADER | |
|---|---|
| fixed length control field | 00293cam a2200121ua 4500 |
| 082 ## - DEWEY DECIMAL CLASSIFICATION NUMBER | |
| Classification number | 624.171 |
| Item number | JUN/ME |
| 100 ## - MAIN ENTRY--AUTHOR NAME | |
| Personal name | Junnarkar, S.B . |
| 245 ## - TITLE STATEMENT | |
| Title | Mechanics of Structures / |
| 250 ## - EDITION STATEMENT | |
| Edition statement | 1 / |
| 260 ## - PUBLICATION, DISTRIBUTION, ETC. (IMPRINT) | |
| Place of publication | Mumbai : |
| Name of publisher | Vivek Publishers Pvt Ltd , |
| Year of publication | 1962. |
| 300 ## - PHYSICAL DESCRIPTION | |
| Number of Pages | 273 ; . |
| 942 ## - ADDED ENTRY ELEMENTS (KOHA) | |
| Koha item type | Books |
| Withdrawn status | Lost status | Damaged status | Home library | Current library | Date acquired | Full call number | Accession Number | Koha item type |
|---|---|---|---|---|---|---|---|---|
| KAUAET | KAUAET | 07/04/2012 | 624.171 JUN/ME | 12236 | Books | |||
| KAUAET | KAUAET | 07/04/2012 | 624.171 JUN/ME | 11308 | Books |
